Old friend has a facelift (Record no. 70148)
[ view plain ]
| 000 -LEADER | |
|---|---|
| fixed length control field | 00993cam a2200253 4500 |
| 001 - CONTROL NUMBER | |
| control field | ABS65304 |
| 008 - FIXED-LENGTH DATA ELEMENTS--GENERAL INFORMATION | |
| fixed length control field | 020501n2002 000 0 eng u |
| 035 ## - SYSTEM CONTROL NUMBER | |
| System control number | (Sirsi) u117802 |
| 100 ## - MAIN ENTRY--PERSONAL NAME | |
| Personal name | Button, R |
| 245 ## - TITLE STATEMENT | |
| Title | Old friend has a facelift |
| 260 ## - PUBLICATION, DISTRIBUTION, ETC. | |
| Date of publication, distribution, etc. | 2002 |
| 490 ## - SERIES STATEMENT | |
| Series statement | CSM |
| -- | Chartered Surveyor Monthly |
| Volume/sequential designation | April 2002, 26(1) |
| 520 ## - SUMMARY, ETC. | |
| Summary, etc. | Outlines how JCT has recently adopted and re-published what was previously known as DOM/1 sub-contract. It is now known as JCT Standard Form of Domestic Sub-contract 2002 edition (DSC). Examines changes between the two including order in which clauses appear. Major changes relate to payment provisions and communication between parties. |
| 590 ## - LOCAL NOTE (RLIN) | |
| Local note | ABS |
| 650 ## - SUBJECT ADDED ENTRY--TOPICAL TERM | |
| Topical term or geographic name entry element | Contracts |
| 9 (RLIN) | 6232 |
| 650 ## - SUBJECT ADDED ENTRY--TOPICAL TERM | |
| Topical term or geographic name entry element | JCT |
| 650 ## - SUBJECT ADDED ENTRY--TOPICAL TERM | |
| Topical term or geographic name entry element | DOM/1 |
| 650 ## - SUBJECT ADDED ENTRY--TOPICAL TERM | |
| Topical term or geographic name entry element | JCT STANDARD FORM OF DOMESTIC SUB-CONTRACT 2002 |
| 650 ## - SUBJECT ADDED ENTRY--TOPICAL TERM | |
| Topical term or geographic name entry element | DSC |
| 650 ## - SUBJECT ADDED ENTRY--TOPICAL TERM | |
| Topical term or geographic name entry element | PAYMENT PROVISIONS |
| 690 ## - LOCAL SUBJECT ADDED ENTRY--TOPICAL TERM (OCLC, RLIN) | |
| Topical term or geographic name as entry element | BUILDING AND CONSTRUCTION-CONTRACTS-JCT CONTRACTS |
| 700 ## - ADDED ENTRY--PERSONAL NAME | |
| Personal name | Mills, R |
| 942 ## - ADDED ENTRY ELEMENTS (KOHA) | |
| Suppress in OPAC | 0 |
| Withdrawn status | Lost status | Source of classification or shelving scheme | Damaged status | Not for loan | Home library | Current library | Shelving location | Date acquired | Total Checkouts | Full call number | Barcode | Date last seen | Copy number | Price effective from | Koha item type |
|---|---|---|---|---|---|---|---|---|---|---|---|---|---|---|---|
| Dewey Decimal Classification | London | London | Journal article | 01/05/2002 | ABS65304 | 117802-1001 | 06/08/2019 | 1 | 06/08/2019 | Journal article |